000 00454nam a22001817a 4500
003 MPLRDC
005 20220104114510.0
008 210129b ||||| |||| 00| 0 eng d
020 _a7-80049-585-X
082 _a857.457 LYL
100 _a刘永龙、苏从林编著
245 _a杨州八怪故事
_c
250 _a一版二刷
260 _a
_b国际文化出版公司
_c1995
300 _b
650 _a历史小说
942 _cBK
_o857.457 LYL
999 _c7948
_d7938